000 00846nam a2200265 i 4500
001 bg
245 0 _aABC... bankowości :
_bsamodzielny pracownik bankowy : praca zbiorowa /
_cpod red. nauk. Krzysztofa Opolskiego.
250 _aWyd.4.
260 _aWarszawa :
_b"Olympus" Centrum Edukacji i Rozwoju Biznesu :
_bWyższa Szkoła Bankowości, Finanasów i Zarządzania,
_c1998.
300 _a280 cm ;
_c29 cm.
504 _aBibliogr.
650 9 _aBanki
655 _aPodręczniki
700 1 _aOPOLSKI, Krzysztof.
_eRed.
020 _a8386895136
020 _a8386069937
040 _cBPK
041 0 _apl
080 _a336.71(07)
920 _a83-86895-13-6
920 _a83-86069-93-7
942 _cKS
008 s pl f |000 0 pol
999 _c41065
_d41065
856 _uhttp://koha.tu.koszalin.pl/cgi-bin/koha/opac-detail.pl?biblionumber=41065
_yKatalog online BPK